KAMUSI YA KISWAHILI- KIINGEREZA (Record no. 217025)
[ view plain ]
| 000 -LEADER | |
|---|---|
| fixed length control field | 00497nam a22001577a 4500 |
| 008 - FIXED-LENGTH DATA ELEMENTS--GENERAL INFORMATION | |
| fixed length control field | 260420b |||||||| |||| 00| 0 eng d |
| 020 ## - INTERNATIONAL STANDARD BOOK NUMBER | |
| International Standard Book Number | 978-9912-752-19-1 |
| 050 ## - LIBRARY OF CONGRESS CALL NUMBER | |
| Classification number | REF PL 8703 .K36 2025 |
| 100 ## - MAIN ENTRY--PERSONAL NAME | |
| Personal name | SALLA, H.D |
| 245 ## - TITLE STATEMENT | |
| Title | KAMUSI YA KISWAHILI- KIINGEREZA |
| 260 ## - PUBLICATION, DISTRIBUTION, ETC. | |
| Place of publication, distribution, etc. | DAR ES SALAAM, |
| Name of publisher, distributor, etc. | MBIU PRESS, |
| Date of publication, distribution, etc. | 2025. |
| 300 ## - PHYSICAL DESCRIPTION | |
| Extent | XXXI, 604 P, |
| 650 ## - SUBJECT ADDED ENTRY | |
| Topical term or geographic name entry element | 1.SWAHILI LANGUAGE- DICTIONARIES - ENGLISH 2. ENGLISH LANGUAGE - DICTIONARIES SWAHILI. |
| 942 ## - ADDED ENTRY ELEMENTS (KOHA) | |
| Source of classification or shelving scheme | Library of Congress Classification |
| Koha item type | Reference |
| Withdrawn status | Lost status | Source of classification or shelving scheme | Damaged status | Not for loan | Collection | Home library | Current library | Shelving location | Date acquired | Inventory number | Total checkouts | Full call number | Barcode | Date last seen | Copy number | Price effective from | Koha item type |
|---|---|---|---|---|---|---|---|---|---|---|---|---|---|---|---|---|---|
| Library of Congress Classification | Reference | Kisii University Library | Kisii University Library | On Display | 04/20/2026 | 113037 | REF 8703 .K36 2025 | a001901 | 04/20/2026 | 1 | 04/20/2026 | Reference | |||||
| Library of Congress Classification | Reference | Kisii University Library | Kisii University Library | On Display | 04/20/2026 | 113038 | REF 8703 .K36 2025 | a001902 | 04/20/2026 | 1 | 04/20/2026 | Reference |